| 000 | 00375pab a2200157 454500 | ||
|---|---|---|---|
| 008 | 180718b2012 xxu||||| |||| 00| 0 eng d | ||
| 100 | _aMisra, Ramesh C. | ||
| 245 | _aStrengthening budget executing for public good | ||
| 260 | _c2012 | ||
| 300 | _ap.1-8. | ||
| 362 | _aApr-Jun | ||
| 650 | _aBudget | ||
| 773 | _aManagement in Government | ||
| 908 | _aN | ||
| 909 | _a97401 | ||
| 999 |
_c97401 _d97401 |
||